| 000 | 00433nam a22001697a 4500 | ||
|---|---|---|---|
| 999 |
_c7658 _d7658 |
||
| 003 | OSt | ||
| 005 | 20190319183502.0 | ||
| 008 | 190214b ||||| |||| 00| 0 eng d | ||
| 040 | _cDLC | ||
| 082 |
_a266 _bT486M |
||
| 100 | _aPillai, Paul | ||
| 245 |
_aA Man of God with Great Vision/ _ctranslated By: Krishnankutty |
||
| 250 | _aind. ed. | ||
| 260 |
_aDelhi _bFazl Publishers _cc. 2004 |
||
| 300 |
_a224 p.; _c22 cm |
||
| 942 |
_2ddc _cBK |
||